| Record ID | talis_openlibrary_contribution/talis-openlibrary-contribution.mrc:1563122824:548 |
| Source | Talis |
| Download Link | /show-records/talis_openlibrary_contribution/talis-openlibrary-contribution.mrc:1563122824:548?format=raw |
LEADER: 00548cam a2200193 a 4500
001 cd73d1de94094e14be3f99979b4ffa46
003 UK-BiTAL
005 20050705151054.0
008 741222s1965 xxk 000 ||eng|d
015 $aGB6503816$2bnb
035 $a()b6503816
040 $dUK-BiTAL
082 04 $a891.733$218
100 1 $aTurgenev, I. S.$q(Ivan Sergeevich),$d1818-1883.
240 10 $aOttsy i deti.$lEnglish
245 10 $aFathers and sons /$ctranslated by Rosemary Edmonds.
260 $bPenguin,$c1965.
300 $a237p.,19cm
490 0 $aPenguin classics